| 000 | 00930 a2200217 4500 | ||
|---|---|---|---|
| 003 | Nust | ||
| 005 | 20221129101136.0 | ||
| 010 | _a 2001021251 | ||
| 020 | _a0201361833 | ||
| 040 | _cNust | ||
| 082 | 0 | 0 | _a621.3815,SPE |
| 100 | 1 |
_aSpencer, Richard R. _9103755 |
|
| 245 | 1 | 0 |
_aIntroduction to electronic circuit design (Include CD) / _cRichard R. Spencer, Mohammed S. Ghausi. |
| 260 |
_aUpper Saddle River, N.J. : _bPrentice Hall/Pearson Education, Inc., _cc2003. |
||
| 300 |
_axx, 1132 p. : _bill. ; _c26 cm. + _e1 CD-ROM (4 3/4 inch.) |
||
| 505 | _aPart-1: The Foundations of Electric Circuit Design (Page-1), Semiconductor Physics and Electric Devices (Page-43), Part-2: Analog Electronic Circuit Design (Page-211), Part-3: Digital Electronic Circuit Design (Page-965). | ||
| 650 | 0 | _aTelecommunication engineering | |
| 651 |
_a(Include CD) _98953 |
||
| 700 | 1 |
_aGhausi, Mohammed Shuaib. _9103695 |
|
| 942 |
_2ddc _cBK |
||
| 999 |
_c181593 _d181593 |
||